| 000 | 01198nam a2200313 i 4500 | ||
|---|---|---|---|
| 003 | DO-SdBNP | ||
| 005 | 20240619113636.0 | ||
| 007 | ta | ||
| 008 | 230718b2011 dr a|||| |||| 00| 0 spa d | ||
| 040 |
_aDO-SdBNP _bspa _cBNPHU _erda |
||
| 082 | 4 |
_bL937L 2011 _222 |
|
| 100 | 1 |
_aLuciano López, Margarita, _d1950- _eautora _984993 |
|
| 245 | 1 | 0 |
_aLiteratura infantil y desarrollo creativo / _cMargarita Luciano López, Eleanor Grimaldi Silié ; ilustraciones, Orlando Guerrero, Rafael Sang Luciano. |
| 250 | _a4a ed. | ||
| 264 | 1 |
_aSanto Domingo : _bC-Digital, _c2011. |
|
| 300 |
_a233 p.áginas : _bilustraciones ; _c28 cm. |
||
| 336 |
_2rdacontent _atexto _btxt |
||
| 337 |
_2rdamedia _asin mediación _bn |
||
| 338 |
_2rdacarrier _avolumen _bnc |
||
| 500 | _aIncluye datos biográficos de las autoras en la contracubierta | ||
| 504 | _aIncluye referencias bibliográficas y notas al pie de las páginas | ||
| 504 | _aBibliografías : p. 233 | ||
| 590 | _aInventariado, 2018/BT | ||
| 700 | 1 |
_aGrimaldi Silié, Eleanor, _d1948- _985713 |
|
| 700 | 1 |
_aGuerrero, Orlando, _eilustraciones _972014 |
|
| 700 | 1 |
_aSang Luciano, Rafael, _eilustraciones _972015 |
|
| 910 | _aBtavárez | ||
| 942 |
_2ddc _cLBS1 |
||
| 999 |
_c54197 _d54197 |
||